Kadra Rosji Na Euro 2020 - Statystyki

Ogólne statystyki
  • Ten quiz został rozwiązany 19 razy
  • Średni wynik to 5 z 26
Statystyki odpowiedzi
Hint Odpowiedź % Poprawnych
Napastnik Dziuba
78%
Pomocnik Gołowin
67%
Napastnik Miranczuk
56%
Obrońca Fernandes
50%
Pomocnik Czeryszew
44%
Bramkarz Szunin
33%
Obrońca Karawajew
22%
Bramkarz Safonow
22%
Obrońca Dżykija
17%
Obrońca Kudriaszow
17%
Pomocnik Kuziajew
17%
Pomocnik Zobnin
17%
Pomocnik Żyrkow
17%
Obrońca Diwiejew
11%
Pomocnik Ozdojew
11%
Obrońca Siemionow
11%
Pomocnik Barinow
6%
Bramkarz Diupin
6%
Napastnik Ionow
6%
Pomocnik Muchin
6%
Napastnik Sobolew
6%
Napastnik Zabołotny
6%
Pomocnik Fomin
0%
Napastnik Makarow
0%
Pomocnik Mostowoj
0%
Pomocnik Żemaletdinow
0%
Nie znaleziono quizów pasujących do podanych kryteriów
Rozkład punktacji
Procent ludzi z każdym wynikiem
Percentyl według liczby udzielonych odpowiedzi
Twoja historia wyników
Nie rozwiązałeś tego quizu